000 00407pab a2200157 454500
008 180718b1997 xxu||||| |||| 00| 0 eng d
100 _aMuthamma, C.B.
245 _aChasing the legislative majority
260 _c1997
300 _ap.29-31,40
362 _aAnn.20 Dec
650 _aUttar Pradesh - Politics and government
650 _aPolitics and government
773 _aMainstream
909 _a36277
999 _c36277
_d36277